00344cam a22001097a 4500008004000000082001700040100001900057245007300076260005700149300000900206650001900215180718b1966 xxu||||| |||| 00| 0 eng d aT441x73 C117 aCagan, Phillip aChanges in the cyclical behavior of interest ratescby Phillip Cagan aNew YorkbNational Bureau of Economic Researchc1966 a32p. aInterest rates